000 00469cam a2200169 4500
001 1326
003 OCoLC
005 20181127163113.0
008 000607s2000 nyu 000 1 eng d
020 _a074726063x
100 1 _aMartini, Steve,
_d1946-
245 1 4 _aThe attorney /
_cSteve Martini.
260 _aLondon :
_bHeadline,
_cc2000.
300 _a472 p. ;
_c18 cm.
650 0 _aCustody of children
_vFiction.
650 0 _aMadriani, Paul (Fictitious character)
_vFiction.
999 _c959
_d959